000 00252nam a2200109Ia 4500
008 190216s9999||||xx |||||||||||||| ||und||
100 _aRichard J God
245 0 _aAnukoolana Vrudhi
260 _bBhasha Institute
650 _aMathematics
942 _cBK
999 _c39046
_d39046